| 000 | 00554nam a22001577a 4500 | ||
|---|---|---|---|
| 003 | OSt | ||
| 005 | 20150913142202.0 | ||
| 008 | 150913b xxu||||| |||| 00| 0 eng d | ||
| 040 | _cRUA | ||
| 082 | _aAGR IN 1997 B020 Or.1 | ||
| 100 |
_9390 _aIN, CAMHENGMEEK. |
||
| 245 | _aការងារផលិតកម្មជ័រកៅស៊ូនៅ ក្រុមហ៊ុនចំការកៅស៊ូជុប (rubber fabrication at chup rubber plantation company) | ||
| 260 |
_aPhnom Penh _bRUA _c1997 |
||
| 300 |
_a100p. _bill. _c29cm. |
||
| 942 |
_2ddc _cAGR |
||
| 999 |
_c369 _d369 |
||